000
00294nam a22001337a 4500
008
260331b ||||| |||| 00| 0 eng d
020
_a
9951867219
041
_a
Shqip
080
_a
791.43
100
_a
25
101
_a
ekrani
245
_a
Magjia e Ekranit
_c
Gani Mehmetaj
942
_2
udc
_c
BK
999
_c
60956
_d
60956